[Event "SN-2011-0-00397"]
[Site "LSS email"]
[Date "2011.11.06"]
[Round "?"]
[White "Schoenbuchner, Gerhard"]
[Black "Martin, Alfredo"]
[Result "1-0"]
[WhiteElo "971"]
[BlackElo "832"]
[PlyCount "63"]
[EventDate "2011.10.25"]
[EventType "tourn (corr)"]
[EventRounds "6"]
[EventCountry "GER"]
[SourceTitle "Telechess CBM 157"]
[Source "ChessBase"]
[SourceDate "2013.11.12"]
[SourceVersion "1"]
[SourceVersionDate "2013.11.12"]
[SourceQuality "1"]

1. e4 e5 2. Nf3 Bd6 3. Bc4 Nf6 4. d3 Nc6 5. Bg5 0-0 6. Qd2 Nd4 7. Nc3 Nxf3+ 8. gxf3 c6 9. 0-0-0 Be7 10. Rhg1 Nh5 11. Bxe7 Qxe7 12. Ne2 d6 13. f4 exf4 14. Nxf4 Nxf4 15. Qxf4 Be6 16. Qh6 g6 17. Bxe6 Qxe6 18. Kb1 b5 19. f4 f5 20. h4 Rf6 21. h5 a5 22. e5 dxe5 23. fxe5 Qxe5 24. hxg6 Rxg6 25. Rxg6+ hxg6 26. Qxg6+ Kf8 27. Rg1 Re8 28. a4 Re6 29. Qg8+ Ke7 30. Rg7+ Kd6 31. Qf8+ Re7 32. Qd8+ 1-0

[Event "RN-2011-0-00414"]
[Site "LSS email"]
[Date "2011.10.12"]
[Round "?"]
[White "Martin, Alfredo"]
[Black "Smith, Harry E"]
[Result "1-0"]
[WhiteElo "832"]
[BlackElo "602"]
[PlyCount "89"]
[EventDate "2011.09.24"]
[EventType "tourn (corr)"]
[EventRounds "6"]
[EventCountry "GER"]
[SourceTitle "Telechess CBM 157"]
[Source "ChessBase"]
[SourceDate "2013.11.12"]
[SourceVersion "1"]
[SourceVersionDate "2013.11.12"]
[SourceQuality "1"]

1. d4 d5 2. c4 c6 3. Nf3 Bg4 4. Bf4 Bxf3 5. exf3 Na6 6. Nc3 e6 7. a3 Bd6 8. Bxd6 Qxd6 9. c5 Qd8 10. g3 Nf6 11. Bh3 b6 12. b4 b5 13. 0-0 0-0 14. f4 Nc7 15. Qf3 Nce8 16. f5 Nc7 17. a4 a6 18. axb5 axb5 19. Qe3 Rxa1 20. Rxa1 Nd7 21. fxe6 Nxe6 22. Bxe6 Nf6 23. Bf5 Re8 24. Qf4 Qe7 25. h4 Nh5 26. Qf3 Nf6 27. Kf1 g6 28. Bh3 Ne4 29. Nxe4 dxe4 30. Qe3 f5 31. Rd1 Qe6 32. Kg2 Qd5 33. Kf1 Qc4+ 34. Qe2 Qxb4 35. d5 Qxc5 36. dxc6 Qxc6 37. Rb1 Rb8 38. h5 b4 39. Qa2+ Kf8 40. Qb3 Qd6 41. Rd1 Qa6+ 42. Kg1 Qc6 43. hxg6 hxg6 44. Qd5 Qa4 45. Qd6+ 1-0

[Event "LSS RF-2011-0-00089"]
[Site "LSS email"]
[Date "2011.09.06"]
[Round "?"]
[White "Martin, Alfredo"]
[Black "Lewis, Jerome A"]
[Result "1/2-1/2"]
[WhiteElo "874"]
[BlackElo "1079"]
[PlyCount "94"]
[EventDate "2011.07.07"]
[EventType "tourn (corr)"]
[EventRounds "6"]
[EventCountry "GER"]
[SourceTitle "Telechess CBM 149"]
[Source "ChessBase"]
[SourceDate "2012.07.17"]
[SourceVersion "1"]
[SourceVersionDate "2012.07.17"]
[SourceQuality "1"]

1. d4 e6 2. Nf3 d5 3. Nc3 c5 4. Bf4 Nf6 5. e3 Bd6 6. Bb5+ Nc6 7. Ne5 Qc7 8. Nxc6 bxc6 9. Bxd6 Qxd6 10. dxc5 Qxc5 11. Ba4 Ba6 12. Qd4 Qd6 13. 0-0-0 0-0 14. f3 c5 15. Qf4 Rfd8 16. Qxd6 Rxd6 17. Nb5 Bxb5 18. Bxb5 Rb6 19. Ba4 Rab8 20. b3 a5 21. Rhe1 e5 22. g4 d4 23. g5 Nd5 24. Kb2 Nc3 25. Kc1 Nxa4 26. bxa4 Rb1+ 27. Kd2 Rxd1+ 28. Rxd1 Rb4 29. exd4 exd4 30. Re1 Kf8 31. Re5 c4 32. Rxa5 Rb2 33. Rc5 Rb4 34. Rd5 c3+ 35. Kd3 Rxa4 36. Rxd4 Rxa2 37. h4 h6 38. f4 hxg5 39. fxg5 Ra3 40. Rc4 Ke7 41. Re4+ Kd6 42. h5 Ra5 43. Rg4 Ke6 44. h6 gxh6 45. g6 Ra8 46. gxf7 Kxf7 47. Kxc3 Ra5 1/2-1/2